[Event "Aberto Brasil - II Niterói Chess Open "]
[Site "Salão de Convenções do Hot"]
[Date "2022.09.06"]
[Round "8.1"]
[White "Delgado Ramirez, Neuris"]
[Black "Quintiliano Pinto, Renato R."]
[Result "1/2-1/2"]
[WhiteElo "2559"]
[BlackElo "2504"]
[PlyCount "33"]
[EventDate "2022.09.01"]
[EventRounds "9"]
[EventCountry "BRA"]

1. e4 c5 2. Nf3 d6 3. Bb5+ Nd7 4. Ba4 Ngf6 5. O-O e6 6. Re1 a6 7. c4 Be7 8. Nc3
O-O 9. h3 Qc7 10. d3 Ne5 11. Be3 Bd7 12. Nxe5 Bxa4 13. Nxa4 dxe5 14. Qc2 Rfd8
15. a3 Nd7 16. Rec1 Rac8 17. Rab1 1/2-1/2

[Event "Aberto Brasil - II Niterói Chess Open "]
[Site "Salão de Convenções do Hot"]
[Date "2022.09.06"]
[Round "8.2"]
[White "Di Berardino, Diego Rafael"]
[Black "Mekhitarian, Krikor Sevag"]
[Result "1/2-1/2"]
[WhiteElo "2464"]
[BlackElo "2544"]
[PlyCount "77"]
[EventDate "2022.09.01"]
[EventRounds "9"]
[EventCountry "BRA"]

1. d4 d5 2. c4 e6 3. Nc3 Nf6 4. cxd5 exd5 5. Bg5 c6 6. e3 h6 7. Bh4 Be7 8. Bd3
O-O 9. Qc2 Nh5 10. Bxe7 Qxe7 11. Nge2 Re8 12. h3 a5 13. g4 Nf6 14. Ng3 b5 15.
Nce2 Bd7 16. O-O-O Na6 17. Kb1 a4 18. Rc1 a3 19. b3 c5 20. dxc5 Rac8 21. Nd4
Nxc5 22. Qd2 b4 23. Rhd1 g6 24. Rc2 Ne6 25. Nxe6 Rxc2 26. Bxc2 Bxe6 27. Ne2 Rc8
28. Nf4 g5 29. Ne2 Bd7 30. Qd4 Bb5 31. Ng3 Bd7 32. Bd3 Be6 33. f4 Ne8 34. Ba6
Rc7 35. Bb5 Nf6 36. Bd3 Ne8 37. Bb5 Nf6 38. Bd3 Ne8 39. Bb5 1/2-1/2

[Event "Aberto Brasil - II Niterói Chess Open "]
[Site "Salão de Convenções do Hot"]
[Date "2022.09.06"]
[Round "8.3"]
[White "Santiago, Yago De Moura"]
[Black "Fier, Alexandr"]
[Result "0-1"]
[WhiteElo "2448"]
[BlackElo "2583"]
[PlyCount "86"]
[EventDate "2022.09.01"]
[EventRounds "9"]
[EventCountry "BRA"]

1. d4 d5 2. c4 e6 3. Nf3 Nf6 4. Nc3 c6 5. Qd3 dxc4 6. Qxc4 b5 7. Qd3 a6 8. g4
c5 9. g5 c4 10. Qc2 Nd5 11. e4 Nb6 12. a3 Nc6 13. Be3 b4 14. axb4 Nxb4 15. Qd2
Bb7 16. h4 Be7 17. h5 Rc8 18. Be2 Nd3+ 19. Kf1 Bb4 20. Rh4 O-O 21. Rg4 Nd7 22.
Kg1 f5 23. gxf6 Nxf6 24. Bg5 h6 25. Bh4 Qe8 26. Bxf6 Rxf6 27. Bxd3 Qxh5 28. Ne5
cxd3 29. Qxd3 Rcf8 30. Qg3 g5 31. f3 Bd6 32. Rf1 Rf4 33. Qg2 Bxe5 34. dxe5 a5
35. Rxf4 Rxf4 36. Ne2 Rf7 37. Nd4 Qg6 38. Rc1 h5 39. Nc6 g4 40. Nxa5 Qg5 41.
Rc3 Rd7 42. Nc4 Rd1+ 43. Kf2 Ba6 0-1

[Event "Aberto Brasil - II Niterói Chess Open "]
[Site "Salão de Convenções do Hot"]
[Date "2022.09.06"]
[Round "8.4"]
[White "Marra, Eduardo Da Costa"]
[Black "Barbosa, Evandro Amorim"]
[Result "1/2-1/2"]
[WhiteElo "2256"]
[BlackElo "2481"]
[PlyCount "128"]
[EventDate "2022.09.01"]
[EventRounds "9"]
[EventCountry "BRA"]

1. e4 c5 2. Nf3 d6 3. Bb5+ Bd7 4. c4 Nf6 5. Nc3 g6 6. O-O Bg7 7. a3 O-O 8. Bxd7
Nfxd7 9. Rb1 Nc6 10. d3 a6 11. Bg5 h6 12. Bd2 Rb8 13. b4 cxb4 14. axb4 b5 15.
cxb5 axb5 16. Qc1 Kh7 17. Nxb5 Nce5 18. Nbd4 Nxd3 19. Qa3 N3e5 20. Rfc1 Qb6 21.
h3 Qb7 22. Qe3 Rfc8 23. b5 Nxf3+ 24. Nxf3 Rxc1+ 25. Bxc1 Rc8 26. Qf4 Kg8 27.
Be3 g5 28. Qg3 Qxe4 29. Nd2 Qd3 30. h4 Rc2 31. Rb3 Qd5 32. hxg5 Rxd2 33. Bxd2
Qxd2 34. gxh6 Qc1+ 35. Kh2 Qxh6+ 36. Kg1 Qc1+ 37. Kh2 Kf8 38. Qf3 Be5+ 39. g3
Nc5 40. Ra3 Qg5 41. b6 d5 42. Kg2 e6 43. Ra7 Qg6 44. b7 Nd7 45. Ra4 Bd6 46. Qc3
Ke7 47. Qb2 Qd3 48. Ra8 Qe4+ 49. Kg1 Qe5 50. Qc2 Qe1+ 51. Kg2 Qe4+ 52. Qxe4
dxe4 53. g4 Bb8 54. Ra4 Kd6 55. Rxe4 Kc6 56. g5 Kxb7 57. g6 fxg6 58. Rxe6 g5
59. Kh3 Bf4 60. Kg4 Kc7 61. Kf5 Nc5 62. Rg6 Nd3 63. Rxg5 Bxg5 64. Kxg5 Nxf2
1/2-1/2

[Event "Aberto Brasil - II Niterói Chess Open "]
[Site "Salão de Convenções do Hot"]
[Date "2022.09.06"]
[Round "8.5"]
[White "Piccoli, Lucas Fonseca"]
[Black "Matsuura, Everaldo"]
[Result "0-1"]
[WhiteElo "2156"]
[BlackElo "2437"]
[PlyCount "80"]
[EventDate "2022.09.01"]
[EventRounds "9"]
[EventCountry "BRA"]

1. e4 e5 2. Nf3 Nc6 3. Bc4 Bc5 4. c3 Nf6 5. d3 O-O 6. O-O d6 7. h3 Bb6 8. Re1
Ne7 9. d4 exd4 10. cxd4 d5 11. e5 dxc4 12. exf6 gxf6 13. Nbd2 Be6 14. Qe2 Kh8
15. Nxc4 Rg8 16. Nxb6 axb6 17. Kh2 Qd6+ 18. g3 Nd5 19. Bd2 Qd7 20. Qf1 Rg7 21.
Bh6 Rgg8 22. a3 Ne7 23. Rac1 Ra5 24. Re4 Bd5 25. Rf4 Nf5 26. Rxc7 Qxc7 27. Rxf5
Rg6 28. Bf4 Qc2 29. Nh4 Bc4 30. Qe1 Rxf5 31. Bd2 Be6 32. Qe3 Rh5 33. d5 Rxd5
34. Bc3 Rf5 35. Bd4 Rh5 36. Qf4 Rxh4 37. Bxf6+ Kg8 38. gxh4 Qc6 39. Bg5 h6 40.
Qb8+ Qc8 0-1

[Event "Aberto Brasil - II Niterói Chess Open "]
[Site "Salão de Convenções do Hot"]
[Date "2022.09.06"]
[Round "8.6"]
[White "Tomiello, Lucas Costamilan"]
[Black "Baules Rodriguez, Jorge Luis"]
[Result "1/2-1/2"]
[WhiteElo "2147"]
[BlackElo "2307"]
[PlyCount "60"]
[EventDate "2022.09.01"]
[EventRounds "9"]
[EventCountry "BRA"]

1. d4 Nf6 2. c4 g6 3. Nc3 d5 4. cxd5 Nxd5 5. e4 Nxc3 6. bxc3 Bg7 7. Be3 c5 8.
Qd2 Qa5 9. Rc1 cxd4 10. cxd4 Qxd2+ 11. Kxd2 O-O 12. Bd3 Rd8 13. Ne2 Nc6 14. Rc4
f5 15. e5 Be6 16. Ra4 b5 17. Ra6 Bd5 18. Rb1 Rac8 19. Ke1 b4 20. Rc1 b3 21. a3
b2 22. Rb1 Nxe5 23. dxe5 Bxe5 24. Nd4 Bxd4 25. Bxd4 Be4 26. Bxe4 Rxd4 27. Bxf5
gxf5 28. Rxb2 Re4+ 29. Kd1 Rc7 30. g3 Kg7 1/2-1/2

[Event "Aberto Brasil - II Niterói Chess Open "]
[Site "Salão de Convenções do Hot"]
[Date "2022.09.06"]
[Round "8.7"]
[White "Molina, Roberto Junio Brito"]
[Black "Ribeiro, Matheus Mendes Domi"]
[Result "1/2-1/2"]
[WhiteElo "2390"]
[BlackElo "2142"]
[PlyCount "39"]
[EventDate "2022.09.01"]
[EventRounds "9"]
[EventCountry "BRA"]

1. d4 d5 2. c4 e6 3. Nc3 Nf6 4. cxd5 exd5 5. Bg5 Be6 6. e3 Nbd7 7. Bd3 h6 8.
Bh4 c6 9. Nge2 g5 10. Bg3 Nh5 11. Qc2 Nxg3 12. Nxg3 h5 13. O-O-O Qf6 14. Kb1
O-O-O 15. f3 h4 16. Nf5 Kb8 17. g4 Nb6 18. h3 Bxf5 19. gxf5 Bd6 20. Rhe1
1/2-1/2

[Event "Aberto Brasil - II Niterói Chess Open "]
[Site "Salão de Convenções do Hot"]
[Date "2022.09.06"]
[Round "8.9"]
[White "Guimaraes, Wagner Peixoto"]
[Black "Languidey, Simon Alejandro"]
[Result "0-1"]
[WhiteElo "2188"]
[BlackElo "2415"]
[PlyCount "62"]
[EventDate "2022.09.01"]
[EventRounds "9"]
[EventCountry "BRA"]

1. d4 e6 2. c4 Nf6 3. Nf3 d5 4. g3 Be7 5. Bg2 O-O 6. O-O dxc4 7. Qc2 a6 8. a4
Nc6 9. Qxc4 Qd5 10. Nbd2 Rd8 11. e3 Qh5 12. h3 Nd5 13. b3 Na5 14. Qc2 Qg6 15.
e4 Nc6 16. Bb2 Ndb4 17. Qb1 b6 18. Rc1 Bb7 19. Nc4 f6 20. Ne3 Rac8 21. d5 exd5
22. Nh4 Qf7 23. exd5 Nxd5 24. Nxd5 Rxd5 25. Bxd5 Qxd5 26. Kh2 Nb4 27. Rd1 Qxb3
28. Ba3 Qxb1 29. Raxb1 a5 30. Rd7 Bf8 31. Nf5 Be4 0-1

[Event "Aberto Brasil - II Niterói Chess Open "]
[Site "Salão de Convenções do Hot"]
[Date "2022.09.06"]
[Round "8.10"]
[White "Sega, Carlos Alberto"]
[Black "Filgueiras, Nathan Felipe"]
[Result "0-1"]
[WhiteElo "2184"]
[BlackElo "2358"]
[PlyCount "68"]
[EventDate "2022.09.01"]
[EventRounds "9"]
[EventCountry "BRA"]

1. c4 b6 2. Nc3 c5 3. Nf3 Bb7 4. e3 g6 5. b3 Bg7 6. Bb2 Nf6 7. Be2 O-O 8. O-O
Na6 9. d4 e6 10. Qd2 Qe7 11. Rfd1 Rfd8 12. Rac1 Rac8 13. Qe1 d6 14. dxc5 bxc5
15. Qf1 Nb4 16. a3 Nc6 17. Rb1 a5 18. Na4 Qc7 19. Qe1 Re8 20. Qc3 e5 21. Qc2
Rcd8 22. Nd2 Bc8 23. Bc3 Nd4 24. exd4 exd4 25. Bd3 dxc3 26. Nxc3 Bb7 27. Nde4
Nxe4 28. Bxe4 Bc8 29. Nb5 Qe7 30. Bd3 Bb7 31. Qd2 Qh4 32. Bf1 Be5 33. h3 d5 34.
g3 Qf6 0-1

[Event "Aberto Brasil - II Niterói Chess Open "]
[Site "Salão de Convenções do Hot"]
[Date "2022.09.06"]
[Round "8.11"]
[White "Do Valle Cardoso, Lucas"]
[Black "Rodi, Luis Ernesto"]
[Result "1/2-1/2"]
[WhiteElo "2162"]
[BlackElo "2327"]
[PlyCount "92"]
[EventDate "2022.09.01"]
[EventRounds "9"]
[EventCountry "BRA"]

1. e4 c6 2. d4 d5 3. Nc3 dxe4 4. Nxe4 Nf6 5. Nxf6+ exf6 6. c3 Bd6 7. Bd3 O-O 8.
Qc2 Re8+ 9. Ne2 h5 10. Be3 Nd7 11. O-O-O Nf8 12. Kb1 Be6 13. c4 Rc8 14. Nc3 Bb4
15. Ne4 Be7 16. Nc5 Bxc5 17. dxc5 Qc7 18. h3 Ng6 19. Bxg6 fxg6 20. Qxg6 Bxc4
21. Qxh5 Bf7 22. Qg4 Rcd8 23. h4 Be6 24. Qb4 Qf7 25. b3 Qh5 26. Kc1 a5 27. Qxa5
Bd5 28. Kb2 Qe5+ 29. Qc3 Qxc3+ 30. Kxc3 Bxg2 31. Rxd8 Rxd8 32. Re1 Kf7 33. Bf4
Re8 34. Rxe8 Kxe8 35. Kb4 Kd7 36. Ka5 Kc8 37. b4 g6 38. a4 Bf1 39. Kb6 Bc4 40.
b5 cxb5 41. axb5 Bd5 42. c6 bxc6 43. bxc6 Bf3 44. Kc5 Bg2 45. Kd6 Bf3 46. c7 f5
1/2-1/2

[Event "Aberto Brasil - II Niterói Chess Open "]
[Site "Salão de Convenções do Hot"]
[Date "2022.09.06"]
[Round "8.12"]
[White "Cominato Neto, Jose Luis"]
[Black "Aranha Filho, Alvaro Z."]
[Result "1/2-1/2"]
[WhiteElo "2270"]
[BlackElo "2184"]
[PlyCount "28"]
[EventDate "2022.09.01"]
[EventRounds "9"]
[EventCountry "BRA"]

1. Nf3 Nf6 2. e3 g6 3. c4 Bg7 4. Be2 O-O 5. O-O c5 6. Nc3 Nc6 7. d4 cxd4 8.
Nxd4 d5 9. cxd5 Nxd5 10. Nxd5 Qxd5 11. Bf3 Qc5 12. Nxc6 bxc6 13. Qa4 Rb8 14.
Rd1 Be6 $11 1/2-1/2

[Event "Aberto Brasil - II Niterói Chess Open "]
[Site "Salão de Convenções do Hot"]
[Date "2022.09.06"]
[Round "8.14"]
[White "Lage, Pedro Ferreira"]
[Black "De Souza, Regis Gabetta"]
[Result "0-1"]
[WhiteElo "2120"]
[BlackElo "2245"]
[PlyCount "94"]
[EventDate "2022.09.01"]
[EventRounds "9"]
[EventCountry "BRA"]

1. Nf3 d5 2. g3 g6 3. Bg2 Bg7 4. d4 Nf6 5. c4 c6 6. Nbd2 O-O 7. O-O Re8 8. b3
Bf5 9. Bb2 Nbd7 10. Rc1 Qa5 11. a3 Rac8 12. Nh4 Be6 13. e4 dxe4 14. Nxe4 Nxe4
15. Bxe4 Nf6 16. Bg2 Bg4 17. Qc2 Qh5 18. Rfe1 Nd7 19. h3 Be6 20. Rcd1 Bf6 21.
Re3 Bg5 22. Re2 Bxh4 23. gxh4 Nf6 24. Rde1 Qxh4 25. Qc3 Red8 26. Re5 Rc7 27.
Qe3 Rdd7 28. Qf3 b5 29. Qc3 bxc4 30. bxc4 Qf4 31. R1e3 Qh6 32. Bc1 Qh4 33. Rd3
Bf5 34. Rd1 Rd6 35. Be3 Re6 36. Qa5 Rc8 37. Rxe6 Bxe6 38. Kh2 Ng4+ 39. Kg1 Nxe3
40. fxe3 Bxh3 41. Bxh3 Qxh3 42. Qg5 h6 43. Qf4 g5 44. Qe4 Rb8 45. Rd2 Rb3 46.
Qxe7 Qg3+ 47. Kf1 Qf3+ 0-1

[Event "Aberto Brasil - II Niterói Chess Open "]
[Site "Salão de Convenções do Hot"]
[Date "2022.09.06"]
[Round "8.15"]
[White "Almeida Junior, Alvaro Alves De"]
[Black "Mesias Rojas, Rabindranath"]
[Result "1/2-1/2"]
[WhiteElo "2044"]
[BlackElo "2227"]
[PlyCount "215"]
[EventDate "2022.09.01"]
[EventRounds "9"]
[EventCountry "BRA"]

1. e4 c5 2. Nf3 g6 3. d4 cxd4 4. Nxd4 Nc6 5. Nc3 Bg7 6. Nb3 Nf6 7. g4 d6 8. g5
Nd7 9. h4 Nb6 10. Be3 Be6 11. Nd4 Qc8 12. Nxc6 Bxc3+ 13. bxc3 Qxc6 14. Qd4 O-O
15. h5 Rac8 16. Kd2 Bc4 17. hxg6 fxg6 18. Kc1 Bxf1 19. Rxf1 Qxc3 20. Qxc3 Rxc3
21. Bxb6 axb6 22. Rb1 Rfc8 23. Rxb6 Rxc2+ 24. Kb1 Re2 25. f3 Rc7 26. a4 Rg2 27.
Rc1 Rxc1+ 28. Kxc1 Rxg5 29. Rxb7 Kf7 30. Kd2 h5 31. Ke3 Ra5 32. Rb4 Kf6 33. Kf4
e5+ 34. Kg3 g5 35. Rb6 Ke6 36. Rb8 Rxa4 37. Rh8 g4 38. Rxh5 gxf3 39. Kxf3 Ra3+
40. Ke2 Kd7 41. Rh8 Rc3 42. Kd2 Rc4 43. Kd3 Rd4+ 44. Ke3 Kc7 45. Rg8 Rc4 46.
Kf3 Rc6 47. Rg1 Ra6 48. Rc1+ Kd7 49. Rc3 Ra8 50. Ke3 Rh8 51. Rc4 Rh3+ 52. Ke2
Ra3 53. Rc1 Ke6 54. Rc8 Kd7 55. Rc1 Ra5 56. Kd3 Rc5 57. Ra1 Kc7 58. Ra8 Rc1 59.
Kd2 Rc6 60. Kd3 Kb6 61. Rb8+ Kc7 62. Rb1 Ra6 63. Rc1+ Kb6 64. Rb1+ Kc6 65. Rc1+
Kd7 66. Rc3 Ra5 67. Rb3 Kc6 68. Rc3+ Kb6 69. Rb3+ Rb5 70. Rc3 Rb1 71. Rc8 Rd1+
72. Ke2 Rh1 73. Kd3 Rh3+ 74. Kd2 Kb5 75. Rc7 Rh8 76. Kd3 Kb6 77. Rc1 Rh3+ 78.
Kd2 Ra3 79. Rc8 Ra5 80. Kd3 Rc5 81. Rb8+ Kc6 82. Ra8 Rb5 83. Rc8+ Kd7 84. Ra8
Rb3+ 85. Kd2 d5 86. Kc2 Rb5 87. Kd3 d4 88. Ra7+ Kd6 89. Ra6+ Kc5 90. Re6 Rb3+
91. Kd2 Rh3 92. Rxe5+ Kc4 93. Ra5 Rh2+ 94. Kd1 Kd3 95. Ra3+ Kxe4 96. Rb3 Rg2
97. Ra3 Rb2 98. Rh3 Kd5 99. Rg3 Kc4 100. Rh3 Rg2 101. Rf3 Kd5 102. Rh3 Ke4 103.
Ra3 Rg8 104. Rb3 Re8 105. Kd2 Ra8 106. Rh3 Ra2+ 107. Kd1 d3 108. Rh8 1/2-1/2

[Event "Aberto Brasil - II Niterói Chess Open "]
[Site "Salão de Convenções do Hot"]
[Date "2022.09.06"]
[Round "8.16"]
[White "Costa, Carlos Evanir"]
[Black "Nemeth Junior, Henrique"]
[Result "0-1"]
[WhiteElo "2224"]
[BlackElo "2137"]
[PlyCount "122"]
[EventDate "2022.09.01"]
[EventRounds "9"]
[EventCountry "BRA"]

1. d4 Nf6 2. Nf3 e6 3. g3 c5 4. c4 cxd4 5. Nxd4 d5 6. Bg2 e5 7. Nf3 d4 8. O-O
Nc6 9. e3 Be7 10. exd4 exd4 11. b3 O-O 12. Bb2 Bg4 13. h3 Bxf3 14. Bxf3 Qd7 15.
Bg2 Rfd8 16. Nd2 Bc5 17. Re1 Re8 18. Rxe8+ Rxe8 19. a3 a5 20. Nf3 Qe6 21. Ne1
Ne4 22. Nd3 Bd6 23. Qe2 f5 24. Re1 Qf6 25. f3 Bxg3 26. fxe4 Bxe1 27. Qxe1 fxe4
28. Bxe4 Qg5+ 29. Kh2 Kh8 30. Bc1 Qe7 31. Nf2 Qe5+ 32. Kg2 Nd8 33. Qe2 Ne6 34.
Qg4 Nc5 35. Bf4 Qe7 36. Bd5 Nxb3 37. Ne4 Qxa3 38. Nd6 Qb2+ 39. Kg3 Qc3+ 40. Kh4
Qe1+ 41. Kh5 Re5+ 42. Bg5 Rxg5+ 43. Qxg5 g6+ 44. Kh6 Qe3 45. h4 a4 46. Nxb7 a3
47. c5 a2 48. c6 Qxg5+ 49. Kxg5 a1=Q 50. Nd6 Kg7 51. c7 Qa5 52. c8=Q Qxd5+ 53.
Kg4 Qxd6 54. Qb7+ Kh6 55. Qxb3 d3 56. Kh3 Qd7+ 57. Kg3 Qd6+ 58. Kh3 d2 59. Qe3+
Kg7 60. Qc3+ Kf7 61. Qf3+ Ke7 0-1

[Event "Aberto Brasil - II Niterói Chess Open "]
[Site "Salão de Convenções do Hot"]
[Date "2022.09.06"]
[Round "8.17"]
[White "Do Nascimento, Christian Almeida"]
[Black "Terao, Juliana Sayumi"]
[Result "0-1"]
[WhiteElo "2089"]
[BlackElo "2240"]
[PlyCount "113"]
[EventDate "2022.09.01"]
[EventRounds "9"]
[EventCountry "BRA"]

1. d4 d5 2. Bf4 Nf6 3. e3 c5 4. Nc3 cxd4 5. exd4 a6 6. Nf3 Bf5 7. Bd3 Bxd3 8.
Qxd3 Nc6 9. a3 e6 10. O-O Bd6 11. Bg5 h6 12. Bh4 O-O 13. Rae1 Rc8 14. Ne5 Be7
15. Kh1 Nxe5 16. dxe5 Nd7 17. Bxe7 Qxe7 18. f4 Nb6 19. f5 exf5 20. Rxf5 Qe6 21.
Ne2 Nc4 22. Nd4 Qb6 23. b3 Nxa3 24. e6 fxe6 25. Nxe6 Rxf5 26. Qxf5 Re8 27. Qxd5
Qc6 28. Ng5+ Kh8 29. Nf7+ Kh7 30. Qf5+ Kg8 31. Rf1 Qe6 32. Qxe6 Rxe6 33. Nd8
Re7 34. c4 Nc2 35. h3 Nd4 36. Rd1 Nxb3 37. Rd6 Nc5 38. Rd5 Rc7 39. Kg1 a5 40.
Re5 a4 41. Re8+ Kh7 42. Re3 Kg6 43. Ne6 Nxe6 44. Rxe6+ Kf5 45. Rb6 Ke4 46. Rb4
Kd4 47. Rxa4 Rxc4 48. Ra7 b5 49. Rxg7 b4 50. Rg3 Rc3 51. Rg6 b3 52. Rb6 Kd3 53.
Kh2 Kc2 54. Rxh6 b2 55. Rb6 Rb3 56. Rc6+ Kd3 57. Rd6+ 0-1

[Event "Aberto Brasil - II Niterói Chess Open "]
[Site "Salão de Convenções do Hot"]
[Date "2022.09.06"]
[Round "8.18"]
[White "Gauche, Charles"]
[Black "Silva, Caio Henrique Angel"]
[Result "0-1"]
[WhiteElo "2219"]
[BlackElo "1959"]
[PlyCount "128"]
[EventDate "2022.09.01"]
[EventRounds "9"]
[EventCountry "BRA"]

1. e4 c6 2. Nf3 d5 3. Nc3 Bg4 4. exd5 cxd5 5. h3 Bxf3 6. Qxf3 Nf6 7. g4 e6 8.
g5 Nfd7 9. d4 Nc6 10. Be3 Bb4 11. Bd3 Qa5 12. Bd2 Nxd4 13. Qg4 Ne5 14. Qf4
Nxd3+ 15. cxd3 Nc2+ 16. Ke2 Nxa1 17. Rxa1 O-O 18. a3 Be7 19. Rg1 Qd8 20. h4 e5
21. Qf3 e4 22. dxe4 dxe4 23. Nxe4 Re8 24. Kf1 Kh8 25. h5 Bf8 26. Bc3 Qd5 27.
Rg4 Rad8 28. Kg2 Qd1 29. Qf4 Re6 30. h6 Rg6 31. Ng3 Qd5+ 32. f3 Kg8 33. Nf5
gxh6 34. gxh6 Qe6 35. Ne3 Bc5 36. Rxg6+ fxg6 37. Ng4 Be7 38. Be5 Rf8 39. Qd4
Qc6 40. Qe3 Qd5 41. Qc3 Rd8 42. Bd6 Qf7 43. Bxe7 Qxe7 44. Nf6+ Kf8 45. Ne4 Ke8
46. Nf6+ Kf8 47. Ne4 Ke8 48. Nf6+ Kf8 49. Ng4 Ke8 50. Qh8+ Kd7 51. Qg7 Rf8 52.
Qd4+ Kc8 53. Kf2 Kb8 54. Ne5 Rd8 55. Qe4 Ka8 56. Kg3 Re8 57. f4 g5 58. Qd5
gxf4+ 59. Kxf4 Qf6+ 60. Ke4 Qxh6 61. Qb5 Qc6+ 62. Qxc6 bxc6 63. Kf5 Kb7 64. Nc4
Kc7 0-1

[Event "Aberto Brasil - II Niterói Chess Open "]
[Site "Salão de Convenções do Hot"]
[Date "2022.09.06"]
[Round "8.19"]
[White "Dianda, Joao Carlos"]
[Black "Viana, Dirceu"]
[Result "0-1"]
[WhiteElo "2000"]
[BlackElo "2190"]
[PlyCount "89"]
[EventDate "2022.09.01"]
[EventRounds "9"]
[EventCountry "BRA"]

1. d4 Nf6 2. c4 e6 3. Nf3 b6 4. e3 Bb7 5. Bd3 Be7 6. O-O O-O 7. Nbd2 c5 8. b3
cxd4 9. exd4 d5 10. Bb2 Nc6 11. Rc1 Rc8 12. a3 dxc4 13. bxc4 Re8 14. Qe2 Bf8
15. Rfd1 g6 16. Nf1 Bg7 17. Ne3 Nh5 18. g3 Na5 19. Bc3 Nc6 20. Bb1 Ne7 21. Ne5
Nf6 22. Ng2 Rc7 23. Nf4 Nf5 24. Nh3 $11 Qa8 25. Ng5 Nd6 26. Bb4 Nde4 27. Nxe4
Nxe4 28. Re1 Ng5 29. h4 Bxe5 30. hxg5 Bxd4 31. Be4 Bxe4 32. Qxe4 Qxe4 33. Rxe4
Bc5 34. Kg2 Rec8 35. f4 Rd8 36. Rc3 Kg7 37. Kf3 h6 38. gxh6+ Kxh6 39. g4 Rd1
40. Re2 Kg7 41. g5 Bxb4 42. axb4 Rb1 43. b5 Rxb5 44. cxb5 Rxc3+ 45. Re3 $4 0-1

[Event "Aberto Brasil - II Niterói Chess Open "]
[Site "Salão de Convenções do Hot"]
[Date "2022.09.06"]
[Round "8.20"]
[White "De Albuquerque, Pedro Henrique Corr"]
[Black "Limp, Eduardo Thelio"]
[Result "0-1"]
[WhiteElo "1835"]
[BlackElo "2298"]
[PlyCount "60"]
[EventDate "2022.09.01"]
[EventRounds "9"]
[EventCountry "BRA"]

1. e4 c5 2. Nf3 d6 3. d4 cxd4 4. Nxd4 Nf6 5. Nc3 a6 6. Be3 e5 7. Nf3 Qc7 8. Be2
Nbd7 9. O-O Be7 10. Re1 O-O 11. Nd2 b5 12. a3 Bb7 13. Bf3 Nb6 14. Bxb6 Qxb6 15.
Nf1 Rac8 16. Ne3 Rxc3 17. bxc3 Rc8 18. c4 bxc4 19. Nf5 Bf8 20. Rb1 Qc7 21. c3
Bc6 22. Qd2 h6 23. Rb4 Bd7 24. Reb1 Bxf5 25. exf5 e4 26. Be2 d5 27. Rb7 Qe5 28.
g4 Bc5 29. Kg2 e3 30. Qb2 Bd6 0-1

[Event "Aberto Brasil - II Niterói Chess Open "]
[Site "Salão de Convenções do Hot"]
[Date "2022.09.06"]
[Round "8.21"]
[White "Loureiro, Luiz Vasconcellos"]
[Black "Souza Dos Santos, Matheus Garcett"]
[Result "1-0"]
[WhiteElo "2334"]
[BlackElo "1988"]
[PlyCount "81"]
[EventDate "2022.09.01"]
[EventRounds "9"]
[EventCountry "BRA"]

1. d4 Nf6 2. c4 g6 3. Nc3 Bg7 4. e4 d6 5. Be2 O-O 6. Bg5 Na6 7. Qd2 e5 8. d5 c6
9. f3 h6 10. Be3 Nh5 11. g3 cxd5 12. cxd5 Kh7 13. Bd3 f5 14. exf5 gxf5 15. Nge2
Nc5 16. Bc2 Nf6 17. O-O a5 18. Kh1 Bd7 19. g4 e4 20. Ng3 Rc8 21. Nxf5 Bxf5 22.
gxf5 Nfd7 23. Nxe4 Nxe4 24. f6 Qxf6 25. Bxe4+ Kh8 26. Rad1 Nc5 27. Bb1 Rce8 28.
Bxc5 dxc5 29. Qd3 Kg8 30. d6 Re5 31. f4 Rh5 32. Rd2 Rd8 33. a4 Kf8 34. Qf3 Qf7
35. Ba2 c4 36. Qe4 Rc5 $2 37. Qe7+ Qxe7 38. dxe7+ Kxe7 39. Re1+ Be5 40. Rxd8
Kxd8 41. Rxe5 1-0

[Event "Aberto Brasil - II Niterói Chess Open "]
[Site "Salão de Convenções do Hot"]
[Date "2022.09.06"]
[Round "8.22"]
[White "Silva, Kaua Marques"]
[Black "De Siqueira, Luigy Lira"]
[Result "1-0"]
[WhiteElo "2199"]
[BlackElo "1969"]
[PlyCount "53"]
[EventDate "2022.09.01"]
[EventRounds "9"]
[EventCountry "BRA"]

1. e4 e5 2. Nf3 Nc6 3. Bc4 Bc5 4. c3 Nf6 5. d4 exd4 6. O-O Nxe4 7. cxd4 Bb6 8.
Re1 d5 9. Bg5 f6 10. Bxd5 Qxd5 11. Nc3 Qf5 12. Rxe4+ Be6 13. g4 Qxe4 14. Nxe4
O-O-O 15. Be3 Bxg4 16. Ned2 Bxd4 17. Qa4 Bxf3 18. Nxf3 Bxe3 19. fxe3 Rhe8 20.
Kf2 Rd7 21. Rc1 Rde7 22. Rxc6 bxc6 23. Qxa7 f5 24. Qa6+ Kd7 25. Qd3+ Kc8 26.
Qxf5+ Kb7 27. Qc5 1-0

[Event "Aberto Brasil - II Niterói Chess Open "]
[Site "Salão de Convenções do Hot"]
[Date "2022.09.06"]
[Round "8.23"]
[White "De Albuquerque, Ian Telek C."]
[Black "Caldeira, Adriano"]
[Result "1-0"]
[WhiteElo "1958"]
[BlackElo "2192"]
[PlyCount "75"]
[EventDate "2022.09.01"]
[EventRounds "9"]
[EventCountry "BRA"]

1. e4 c5 2. Nf3 d6 3. d4 cxd4 4. Nxd4 Nf6 5. Nc3 g6 6. Be3 Bg7 7. f3 O-O 8. Qd2
Nc6 9. O-O-O d5 10. Nxc6 bxc6 11. e5 Nd7 12. f4 e6 13. Na4 f6 14. Nc5 Nxc5 15.
Bxc5 fxe5 16. Bxf8 Qxf8 17. Bd3 Rb8 18. c3 exf4 19. h4 e5 20. h5 e4 21. hxg6
exd3 22. gxh7+ Kh8 23. Rdf1 Be5 24. g3 Bf5 25. gxf4 Bg7 26. Rfg1 c5 27. Rh5 c4
28. Rhg5 Rb7 29. Qh2 Bxh7 30. Rh5 Bxc3 31. Rh1 d2+ 32. Kd1 Qg8 33. Rxh7+ Rxh7
34. Qxh7+ Qxh7 35. Rxh7+ Kxh7 36. bxc3 Kg6 37. Kxd2 Kf6 38. Ke3 1-0

[Event "Aberto Brasil - II Niterói Chess Open "]
[Site "Salão de Convenções do Hot"]
[Date "2022.09.06"]
[Round "8.24"]
[White "Lima, Kleyton Alcantara"]
[Black "Carvalho Jr, Celestino"]
[Result "1/2-1/2"]
[WhiteElo "2107"]
[BlackElo "1938"]
[PlyCount "63"]
[EventDate "2022.09.01"]
[EventRounds "9"]
[EventCountry "BRA"]

1. e4 d6 2. Nf3 Nf6 3. Nc3 e5 4. d4 exd4 5. Nxd4 Be7 6. Be2 O-O 7. O-O Bd7 8.
Bf3 Nc6 9. Nd5 Nxd5 10. exd5 Nxd4 11. Qxd4 Bf6 12. Qd3 Re8 13. Bd2 b6 14. c3 a5
15. Be4 g6 16. f4 Bb5 17. c4 Bd7 18. f5 g5 19. Rae1 Kg7 20. Kh1 h6 21. Bc1 a4
22. Qg3 Re7 23. Re3 Qh8 24. Bd3 Rxe3 25. Bxe3 Kf8 26. Bc1 Be5 27. Qf2 Qf6 28.
Qe2 Re8 29. Qf2 Bd4 30. Qf3 Be5 31. Qf2 Bd4 32. Qf3 1/2-1/2

[Event "Aberto Brasil - II Niterói Chess Open "]
[Site "Salão de Convenções do Hot"]
[Date "2022.09.06"]
[Round "8.25"]
[White "Zacarias, Rodrigo Medeiros"]
[Black "Segato, Pedro Henrique Pedr"]
[Result "1-0"]
[WhiteElo "2095"]
[BlackElo "1947"]
[PlyCount "115"]
[EventDate "2022.09.01"]
[EventRounds "9"]
[EventCountry "BRA"]

1. e4 c5 2. Nf3 a6 3. c3 e6 4. Bd3 d5 5. e5 Nc6 6. O-O Nh6 7. Bc2 Bd7 8. d3 Be7
9. Re1 Nf5 10. Nbd2 Qc7 11. Nf1 O-O-O 12. d4 cxd4 13. Bxf5 exf5 14. cxd4 Kb8
15. Bf4 Be6 16. Rc1 h6 17. Re2 g5 18. Be3 f4 19. Bd2 Qd7 20. Bc3 Rde8 21. N3d2
Bg4 22. f3 Bf5 23. g4 Be6 24. Nb3 h5 25. h3 hxg4 26. hxg4 Rh3 27. Rh2 Rxh2 28.
Nxh2 Rh8 29. Be1 f6 30. Qe2 fxe5 31. Rxc6 e4 32. Rc1 e3 33. Ba5 Rc8 34. Rxc8+
Qxc8 35. Nf1 Bd7 36. Nxe3 fxe3 37. Qxe3 Bd6 38. Qxg5 Qc6 39. Qd8+ Ka7 40. Bb6+
Qxb6 41. Qxd7 Bb8 42. Qxd5 Qh6 43. g5 Qh2+ 44. Kf1 Bg3 45. Qc5+ Ka8 46. d5 Qh1+
47. Ke2 Qg2+ 48. Kd1 Qxf3+ 49. Kc1 Bf4+ 50. Nd2 Bxg5 51. Qd4 Qh1+ 52. Kc2 Be7
53. Qe4 Qxe4+ 54. Nxe4 b5 55. d6 Bh4 56. Nc5 Ka7 57. d7 Kb6 58. Ne6 1-0